000 00692nam a2200289Ia 4500
005 20260324144643.0
008 008 260324s9999 xx 000 0 eng d
020 _a9781003420040
037 _aEBOOK
040 _aCRL
040 _beng
040 _cCRL
041 _2eng
041 _aeng
084 _qCRL
100 _aStephen Simone; Bor-Luh Lin
_91220122
245 0 _aNonlinear and Convex Analysis
245 0 _bProceedings in Honor of Ky Fan
260 _bTaylor and Francis
260 _c1987
365 _a
365 _b275
856 _uhttp://www.taylorfrancis.com/books/9781003420040
942 _cEBOOK
999 _c1827002
_d1827002